000 00500nam a2200205Ia 4500
008 210210b1977 xxu||||| |||| 00| 0 eng d
082 _a658.023 JAIS
100 _aJAIN (Rikhab Chand)
245 _aSecretarial practice Ed 3
250 _a
260 _aCalcutta.
_bThe World Press Pvt Ltd.,
_c1977
300 _axv,491
650 _aSecretarial
650 _apractice
650 _aEd
650 _a3
690 _aSecretarial Practice
700 _aDUGAR (Subhkaran)
906 _aSG01529
999 _c112996
_d112996